Kniha měst pana Francise = Mr. Francis's book of cities : [Národní galerie v Praze - Sbírka grafiky a kresby, Grafický kabinet : Schwarzenberský palác, srpen 2011 - leden 2012 /

Korporativní autor: Národní galerie (Praha, Česko). Sbírka grafiky a kresby
Další autoři: Volrábová, Alena, 1959-, Schwarzenberský palác (Praha, Česko)
Jazyk: Čeština
Angličtina
Vydáno: V Praze : Národní galerie v Praze, 2011
Témata:
Fyzický popis: 32 s. : barev. faksim. ; 20 cm
Language note: Souběžný anglický text
Knihy
Uloženo v:
LEADER 03628nam a2200841 a 4500
001 nkc20112219406
003 CZ PrNK
005 20110929153747.0
007 ta
008 110803s2011 xr h e c 000 0dcze
020 |a 978-80-7035-478-0  |q (brož.) 
040 |a ABA001  |b cze  |d OLA001 
041 1 |a cze  |a eng  |h cze 
043 |a e-gx---  |a x------  |a e-xr---  |b e-xr-pg  |2 czenas 
045 |a t7u1 
072 7 |a 76  |x Grafické umění. Grafika  |2 Konspekt  |9 21 
080 |a 912  |2 MRF 
080 |a 094(=112.2)  |2 MRF 
080 |a 7.047  |2 MRF 
080 |a 912.43  |2 MRF 
080 |a 762.2  |2 MRF 
080 |a 76(430)  |2 MRF 
080 |a 911.375  |2 MRF 
080 |a 7.04  |2 MRF 
080 |a 655.4/.5  |2 MRF 
080 |a (430)  |2 MRF 
080 |a (100)  |2 MRF 
080 |a (437.311)  |2 MRF 
080 |a (083.824)  |2 MRF 
245 0 0 |a Kniha měst pana Francise =  |b Mr. Francis's book of cities : [Národní galerie v Praze - Sbírka grafiky a kresby, Grafický kabinet : Schwarzenberský palác, srpen 2011 - leden 2012 /  |c autorka textu Alena Volrábová] 
246 3 1 |a Mr. Francis's book of cities 
260 |a V Praze :  |b Národní galerie v Praze,  |c 2011 
300 |a 32 s. :  |b barev. faksim. ;  |c 20 cm 
500 |a Název z obálky 
500 |a Nad názvem: Grafické kabinety = Print Cabinets 
504 |a Obsahuje bibliografické odkazy 
546 |a Souběžný anglický text 
600 1 7 |a Hogenberg, Franz,  |d 1538-1590  |7 ola2009522867  |2 czenas 
600 1 7 |a Braun, Georg,  |d 1542-1622  |7 mzk2009528302  |2 czenas 
630 0 7 |a Civitates orbis terrarum  |7 unn2011662052  |2 czenas 
648 7 |a 16.-17. století  |7 ch757028  |2 czenas 
648 4 |a 1572-1617 
650 0 7 |a atlasy  |7 ph118653  |z Německo  |y 16.-17. stol.  |2 czenas 
650 0 7 |a německé staré tisky  |7 ph123522  |y 16.-17. stol.  |2 czenas 
650 0 7 |a veduty  |7 ph127003  |z Německo  |y 16.-17. stol.  |2 czenas 
650 0 7 |a mapy  |7 ph115225  |z Německo  |y 16.-17. stol.  |2 czenas 
650 0 7 |a lepty  |7 ph158316  |z Německo  |y 16.-17. stol.  |2 czenas 
650 0 7 |a německá grafika  |7 ph123486  |y 16.-17. stol.  |2 czenas 
650 0 7 |a města  |7 ph115399  |z země světa  |y 16.-17. stol.  |2 czenas 
650 0 7 |a umělecké náměty  |7 ph138227  |z Německo  |y 16.-17. stol.  |2 czenas 
650 0 7 |a vydávání a distribuce knih  |7 ph119057  |z Německo  |y 16.-17. stol.  |2 czenas 
650 0 9 |a atlases  |z Germany  |y 16th-17th centuries  |2 eczenas 
650 0 9 |a German old prints  |y 16th-17th centuries  |2 eczenas 
650 0 9 |a town views  |z Germany  |y 16th-17th centuries  |2 eczenas 
650 0 9 |a maps  |z Germany  |y 16th-17th centuries  |2 eczenas 
650 0 9 |a etching  |z Germany  |y 16th-17th centuries  |2 eczenas 
650 0 9 |a German prints  |y 16th-17th centuries  |2 eczenas 
650 0 9 |a cities and towns  |z countries of the world  |y 16th-17th centuries  |2 eczenas 
650 0 9 |a artistic themes  |z Germany  |y 16th-17th centuries  |2 eczenas 
650 0 9 |a publishing and bookselling  |z Germany  |y 16th-17th centuries  |2 eczenas 
655 7 |a katalogy výstav  |7 fd132536  |2 czenas 
655 9 |a exhibition catalogs  |2 eczenas 
610 2 7 |a Národní galerie (Praha, Česko).  |b Sbírka grafiky a kresby  |7 kn20020617011  |2 czenas 
651 7 |a Praha (Česko)  |7 ge118011  |2 czenas 
651 9 |a Prague (Czechia)  |2 eczenas 
700 1 |a Volrábová, Alena,  |d 1959-  |7 mzk2003170387  |4 wfw 
710 2 |a Národní galerie (Praha, Česko).  |b Sbírka grafiky a kresby  |7 kn20020617011 
710 2 |a Schwarzenberský palác (Praha, Česko)  |7 kn20050511026 
910 2 |a BOA001  |b 2-1271.756 
990 |a BK 
995 |a 11 
991 |b 201109  |c NOV  |e n 
996 6 |b 2610487972  |c 2-1271.756  |l MZK  |r Sklad / do 1 hodiny  |n 2  |p p.v.  |w 001201776  |u 000010  |a 1  |e BOA001  |j MZK50  |s P